Guerrilla Marketing (Record no. 4947)

MARC details
005 - DATE AND TIME OF LATEST TRANSACTION
control field 20250625080100.0
020 ## - INTERNATIONAL STANDARD BOOK NUMBER
International Standard Book Number 978-0-7499-2811-7
082 ## - DEWEY DECIMAL CLASSIFICATION NUMBER
Classification number 658LEV.
100 ## - MAIN ENTRY--PERSONAL NAME
Author name LEVINSON. C. J.
245 ## - TITLE STATEMENT
Title Guerrilla Marketing
260 ## - PUBLICATION, DISTRIBUTION, ETC.
Place of publication, distribution, etc. New York,
Name of publisher, distributor, etc. Hought Mifflin Company,
Date of publication, distribution, etc. 2007.
300 ## - PHYSICAL DESCRIPTION
Extent x,; 343p,.
Other physical details Index
Dimensions 23cm.
942 ## - ADDED ENTRY ELEMENTS (KOHA)
Source of classification or shelving scheme Dewey Decimal Classification
Koha item type Books
Holdings
Date last seen Total checkouts Full call number Barcode Cost, replacement price Price effective from Koha item type Lost status Source of classification or shelving scheme Damaged status Not for loan Withdrawn status Home library Current library Shelving location Date acquired Cost, normal purchase price
06/25/2025   658.8LEV DOM0001785 150000.00 06/25/2025 Books   Dewey Decimal Classification       CBE Dodoma CBE Dodoma Special Reserve Collection 03/02/2025 50000.00